Think : A biography of the Watsons and IBM

Enregistré dans:
Détails bibliographiques
Auteur principal: Rodgers, William
Format: Livre
Langue:Undetermined
Publié: New York Stein and Day 1969
Sujets:
Tags: Ajouter un tag
Pas de tags, Soyez le premier à ajouter un tag!
Thư viện lưu trữ: Trung tâm Học liệu Trường Đại học Cần Thơ
LEADER 00492nam a2200193Ia 4500
001 CTU_87955
008 210402s9999 xx 000 0 und d
082 |a 338.761 
082 |b R691 
100 |a Rodgers, William 
245 0 |a Think : 
245 2 |b A biography of the Watsons and IBM 
245 0 |c William Rodgers 
260 |a New York 
260 |b Stein and Day 
260 |c 1969 
650 |a Business 
904 |i Năm 
980 |a Trung tâm Học liệu Trường Đại học Cần Thơ